| 000 | 00648nam a2200181Ia 4500 | ||
|---|---|---|---|
| 005 | 20260429112041.0 | ||
| 008 | 260429s9999||||xx |||||||||||||| ||und|| | ||
| 020 | _a9789391798543 | ||
| 041 | _aHindi | ||
| 082 |
_a808.23 _bSHU |
||
| 100 | _a सुधांशु, अनिरुद्ध कुमार | ||
| 245 | 0 |
_aपटकथा एवं संवाद लेखन / _cअनिरुद्ध कुमार सुधांशु |
|
| 250 | _a1st ed. | ||
| 260 |
_aदिल्ली : _bएकैडमिक पब्लिकेशन, _c2021. |
||
| 300 | _a128 p.; Hb | ||
| 650 | _aनाट्य लेखन | ||
| 942 | _cTB | ||
| 999 |
_c52091 _d52091 |
||